World famous folk tales

Bibliographic Details
Format: Book
Published: London : System Publishing House Ltd. , 1992
Subjects:

MARC

LEADER 00000cam a2200000 7i4500
001 0000009883
002 000010763
005 20000330.0
020 |a 1857670272 
090 0 0 |a 398.2   |b WOR 
245 0 0 |a World famous folk tales 
260 |a London :   |b System Publishing House Ltd. ,   |c 1992 
300 |a 60p. :   |b ill ;   |c 19cm. 
650 0 0 |a Folk literature, English 
999 |a 048413   |b BUKU   |c PINJAMAN   |e PERPUSTAKAAN KOMUNITI PETALING JAYA